| 000 | 00000nam##2200000za#4500 |
| 001 | 9.575822 |
| 003 | CaOODSP |
| 005 | 20210624184839 |
| 007 | cr ||||||||||| |
| 008 | 150406|2007||||xxc|||||o f|0| 0 eng|d |
| 040 | |aCaOODSP|beng |
| 043 | |an-cn--- |
| 086 | 1 |aTU3-6/07-109E-PDF |
| 110 | 2 |aTransportation Safety Board of Canada. |
| 245 | 10|aNon-main-track train derailment - Kootenay Valley Railway (KVR) 0700 Trail Yard Assignment, Mile 19.0, Rossland Subdivision Trail, British Columbia, 23 April 2007 |h[electronic resource] |
| 260 | |aOttawa - Ontario : |bTransportation Safety Board of Canada |c[2007]. |
| 300 | |a19p.|bcoloured illus., figs. |
| 490 | 1 |aRailway investigation report |vR07V0109 |
| 590 | |a13-08-Supp|b2013-04-02 |
| 775 | 08|tDéraillement sur une voie non principale - Kootenay Valley Railway (KVR) Manoeuvre 0700 Trail, Point milliaire 19,0 de la subdivision Rossland Trail (Colombie-Britannique), le 23 avril 2007 |w(CaOODSP)9.605235 |
| 830 | #0|aRailway investigation report ;|vR07V0109|w(CaOODSP)9.504849 |
| 856 | 40|ahttp://publications.gc.ca|qPDF|s731 KB|uhttps://publications.gc.ca/collections/collection_2013/bst-tsb/TU3-6-07-109-eng.pdf|yR07V0109 |